Missing Word: Books Beginning with 'I' Quiz Stats

 Plays Quiz Updated Aug 31, 2014

Support Sporcle.
Go Orange.
Score 0/20 Timer 04:00
0 Plays Today
BOOKS ANSWER % Correct
In ____ BloodCold
90.1%
Interview with the ____Vampire
86%
Invisible ____Man
86%
Into Thin ____Air
83.2%
The Island of ____ MoreauDoctor
80.3%
I Know Why the ____ Bird SingsCaged
74.1%
Island of the ____ DolphinsBlue
68%
I, ____Robot
67.9%
If I _____ the ZooRan
58.3%
I Am Number ____Four
49.4%
BOOKS ANSWER % Correct
Into the ____Wild
47.1%
I Am ____Legend
47%
In Search of ____ TimeLost
43%
I, ____Claudius
33.6%
Infinite ____Jest
28.8%
Incidents in the Life of a ____ GirlSlave
7.5%
In Dubious ____Battle
6%
I Married a ____Communist
5.3%
The Infernal ____ Machines of Doctor HoffmanDesire
3.2%
Israel ____Potter
3.2%

Today's Daily Dose

You're not logged in!

Compare scores with friends on all Sporcle quizzes.
OR
Log In

From the Vault

Picking the Flowers

by alinrotundu

Now if only we could get a smell-o-vision feature on Sporcle.
Remove Ads.
Support Sporcle.
Get the best of Sporcle when you Go Orange. This ad-free experience offers more features, more stats, and more fun while also helping to support Sporcle. Thank you for becoming a member.

Show Comments

Extras

Top Quizzes Today


Score Distribution

Your Account Isn't Verified!

In order to create a playlist on Sporcle, you need to verify the email address you used during registration. Go to your Sporcle Settings to finish the process.

Report this User

Report this user for behavior that violates our Community Guidelines.

Details: